Statystyki dla Kraje graniczące z Chinami.

Kliknij tutaj aby rozwiązać quiz!

Ogólne statystyki

  • Ten quiz został rozwiązany 87 razy
  • Średni wynik to 11 z 14

Statystyki odpowiedzi

KmKraj% Poprawnych
3645Rosja
98%
4677Mongolia
94%
3380Indie
89%
1416Korea Północna
87%
1533Kazachstan
84%
523Pakistan
77%
1281Wietnam
77%
1236Nepal
76%
858Kirgistan
75%
423Laos
75%
414Tadżykistan
75%
2185Mjanma
70%
76Afganistan
69%
470Bhutan
67%

Rozkład punktacji

Percentyl według liczby udzielonych odpowiedzi

Procent ludzi z każdym wynikiem

Twoja historia wyników

Nie rozwiązałeś tego quizu